[Event "Andorra op 40th"]
[Site "Escaldes"]
[Date "2024.07.26"]
[Round "7"]
[White "Lopez Martinez, Josep Manuel"]
[Black "Romero Calduch, Sergio"]
[Result "0-1"]
[WhiteElo "2463"]
[BlackElo "2246"]
[PlyCount "92"]
[EventDate "2024.07.20"]
[EventType "swiss"]
[EventRounds "9"]
[EventCountry "AND"]
[SourceTitle "CBM 221 Extra"]
[Source "ChessBase"]
[SourceDate "2024.09.30"]
[SourceVersion "1"]
[SourceVersionDate "2024.09.30"]
[SourceQuality "1"]

1. d4 Nf6 2. c4 e6 3. Nc3 Bb4 4. Qc2 d5 5. cxd5 exd5 6. Nf3 0-0 7. Bg5 h6 8. Bh4 g5 9. Bg3 Ne4 10. Nd2 Bf5 11. Ndxe4 Bxe4 12. Qd2 c5 13. a3 Ba5 14. dxc5 d4 15. b4 dxc3 16. Qxc3 Bc7 17. f3 Bf5 18. Rd1 Nd7 19. e4 Be6 20. Kf2 a5 21. Bb5 axb4 22. axb4 Ra2+ 23. Kg1 Bf4 24. Bxf4 gxf4 25. h4 Qf6 26. Qxf6 Nxf6 27. Kh2 Nh5 28. Bd7 Ng3 29. Rhe1 h5 30. b5 Bxd7 31. Rxd7 Rc2 32. e5 Ra8 33. e6 fxe6 34. Kh3 Rxc5 35. Rxb7 Re8 36. b6 Rb5 37. Rc1 Nf5 38. Rcc7 Rb1 39. Kh2 Rd8 40. Ra7 Rxb6 41. Rh7 Rb1 42. Rhc7 Rbd1 43. Rh7 Ra8 44. Rhg7+ Nxg7 45. Rxa8+ Kf7 46. Ra4 e5 0-1

[Event "Andorra op 40th"]
[Site "Escaldes"]
[Date "2024.07.25"]
[Round "6"]
[White "Romero Calduch, Sergio"]
[Black "Sibashvili, Giorgi"]
[Result "1-0"]
[WhiteElo "2246"]
[BlackElo "2436"]
[PlyCount "71"]
[EventDate "2024.07.20"]
[EventType "swiss"]
[EventRounds "9"]
[EventCountry "AND"]
[SourceTitle "CBM 221 Extra"]
[Source "ChessBase"]
[SourceDate "2024.09.30"]
[SourceVersion "1"]
[SourceVersionDate "2024.09.30"]
[SourceQuality "1"]

1. d4 Nf6 2. c4 e6 3. Nf3 d5 4. Nc3 c6 5. e3 Nbd7 6. Be2 Bd6 7. 0-0 0-0 8. b3 b6 9. Bb2 Bb7 10. Bd3 Re8 11. Re1 Rc8 12. Rc1 h6 13. Rc2 Qe7 14. e4 dxc4 15. bxc4 e5 16. d5 Nc5 17. Rd2 Nxd3 18. Rxd3 cxd5 19. Nxd5 Nxd5 20. cxd5 Ba6 21. Rc3 Bb4 22. Rxc8 Rxc8 23. Re3 Qc5 24. a3 Ba5 25. h3 f6 26. Nh4 Qf8 27. Rg3 Rc7 28. Nf5 Kh7 29. d6 Rf7 30. Qh5 Bd2 31. Qg6+ Kh8 32. Nxg7 Bc8 33. Nh5 Bg5 34. Rxg5 hxg5 35. Nxf6 Qg7 36. Qh5+ 1-0

[Event "World Amateur-ch U2300"]
[Site "Muscat"]
[Date "2023.11.04"]
[Round "3"]
[White "Romero Calduch, Sergio"]
[Black "Majumder, Shrayan"]
[Result "0-1"]
[WhiteElo "2216"]
[BlackElo "1921"]
[PlyCount "108"]
[EventDate "2023.11.02"]
[EventType "swiss"]
[EventRounds "9"]
[EventCountry "OMN"]
[SourceTitle "CBM 217 Extra"]
[Source "ChessBase"]
[SourceDate "2024.01.31"]
[SourceVersion "1"]
[SourceVersionDate "2024.01.31"]
[SourceQuality "1"]

1. d4 Nf6 2. c4 c5 3. d5 b5 4. cxb5 a6 5. bxa6 e6 6. Nc3 exd5 7. Nxd5 Be7 8. Nxe7 Qxe7 9. Bf4 d5 10. e3 0-0 11. Nf3 Rd8 12. Be2 Bxa6 13. 0-0 Nc6 14. Bxa6 Rxa6 15. Qe2 Rda8 16. Qb5 h6 17. a3 c4 18. Nd4 Nxd4 19. exd4 Qa7 20. Qc5 Qb7 21. Be5 Rc6 22. Qb4 Rb6 23. Qe1 Nd7 24. Bf4 Rxb2 25. Bd6 Nf6 26. Rb1 Re8 27. Qc1 Rxb1 28. Qxb1 Qd7 29. Be5 Ne4 30. Qc2 Qa7 31. Rd1 Qxa3 32. Re1 Qc3 33. Qxc3 Nxc3 34. Ra1 f6 35. Bd6 Ne2+ 36. Kf1 Nxd4 37. Rd1 Nb3 38. Rxd5 c3 39. Bf4 c2 40. Rb5 c1Q+ 41. Bxc1 Nxc1 42. Rb1 Nd3 43. Rd1 Ne5 44. h4 h5 45. Re1 Ra8 46. Rb1 Kh7 47. Rb2 Kg6 48. g3 Ng4 49. Kg2 Ra5 50. Kh3 Rf5 51. f4 Rc5 52. Rb7 Rc2 53. f5+ Kh6 54. Rb2 Nf2+ 0-1

[Event "Sitges Sunway op 9th"]
[Site "Sitges"]
[Date "2022.12.13"]
[Round "2"]
[White "Nesse, David"]
[Black "Romero Calduch, Sergio"]
[Result "0-1"]
[WhiteElo "1809"]
[BlackElo "2258"]
[PlyCount "56"]
[EventDate "2022.12.12"]
[EventType "swiss"]
[EventRounds "10"]
[EventCountry "ESP"]
[SourceTitle "CBM 211 Extra"]
[Source "ChessBase"]
[SourceDate "2023.01.31"]
[SourceVersion "1"]
[SourceVersionDate "2023.01.31"]
[SourceQuality "1"]

1. d4 Nf6 2. Nc3 d5 3. Bf4 a6 4. e3 e6 5. Nf3 c5 6. Ne5 Nc6 7. g4 Qa5 8. Bg2 cxd4 9. exd4 Nxe5 10. Bxe5 Nd7 11. Bg3 Be7 12. 0-0 0-0 13. f4 Nb6 14. f5 Nc4 15. Qe1 Bf6 16. Be5 Bxe5 17. dxe5 d4 18. Ne4 Qxe5 19. f6 Bd7 20. fxg7 Kxg7 21. Qh4 f5 22. g5 Ne3 23. Nf6 Rxf6 24. gxf6+ Qxf6 25. Qg3+ Kh8 26. Qc7 Rg8 27. Qxd7 Rxg2+ 28. Kh1 Rxh2+ 0-1

[Event "Vecindario Montalvo Memorial 14th"]
[Site "Vecindario"]
[Date "2022.09.10"]
[Round "8"]
[White "Romero Calduch, Sergio"]
[Black "Garcia Blanco, Omar"]
[Result "0-1"]
[WhiteElo "2233"]
[BlackElo "2375"]
[PlyCount "52"]
[EventDate "2022.09.04"]
[EventType "swiss"]
[EventRounds "9"]
[EventCountry "ESP"]
[SourceTitle "CBM 210 Extra"]
[Source "ChessBase"]
[SourceDate "2022.11.30"]
[SourceVersion "1"]
[SourceVersionDate "2022.11.30"]
[SourceQuality "1"]

1. d4 Nf6 2. Nf3 g6 3. c4 Bg7 4. Nc3 d5 5. e3 0-0 6. Be2 c5 7. dxc5 Qa5 8. Bd2 dxc4 9. Bxc4 Qxc5 10. Qe2 Bg4 11. Bb3 Nc6 12. Rc1 Qh5 13. Bd1 Ne5 14. Nb5 Ne4 15. Nbd4 Rfd8 16. h4 Bxf3 17. gxf3 Nxd2 18. Qxd2 Nc6 19. f4 Qh6 20. Rc4 e5 21. fxe5 Bxe5 22. Bf3 Rac8 23. Bxc6 bxc6 24. f4 Bf6 25. h5 c5 26. Qc1 Rd5 0-1

[Event "San Cristobal de La Laguna op 4th"]
[Site "San Cristobal de La Laguna"]
[Date "2022.09.03"]
[Round "9"]
[White "Kurajica, Bojan"]
[Black "Romero Calduch, Sergio"]
[Result "1/2-1/2"]
[WhiteElo "2497"]
[BlackElo "2233"]
[PlyCount "124"]
[EventDate "2022.08.27"]
[EventType "swiss"]
[EventRounds "9"]
[EventCountry "ESP"]
[SourceTitle "CBM 210 Extra"]
[Source "ChessBase"]
[SourceDate "2022.11.30"]
[SourceVersion "1"]
[SourceVersionDate "2022.11.30"]
[SourceQuality "1"]

1. d4 Nf6 2. Nf3 d5 3. c4 e6 4. e3 dxc4 5. Bxc4 a6 6. Be2 c5 7. 0-0 cxd4 8. Qxd4 Qxd4 9. Nxd4 e5 10. Nf3 Nc6 11. b3 Ne4 12. Bb2 f6 13. Nbd2 Nxd2 14. Nxd2 Be6 15. Rac1 Rd8 16. Ne4 Bf5 17. Bf3 Be6 18. Rfd1 Rxd1+ 19. Rxd1 Kf7 20. Bh5+ g6 21. Be2 Be7 22. f4 Rc8 23. Kf2 exf4 24. exf4 Rd8 25. Rxd8 Nxd8 26. Ke3 Nc6 27. Kd2 h6 28. Bf3 f5 29. Nf2 Bd6 30. Nd3 Ke7 31. Bg7 h5 32. Bxc6 bxc6 33. Be5 Ba3 34. Bd4 Kd6 35. Ne5 Bd5 36. g3 Bb4+ 37. Ke3 Ke6 38. Nd3 Bd6 39. Bc5 Bc7 40. Bb4 Bb6+ 41. Bc5 Bc7 42. Nb4 a5 43. Na6 Bd8 44. Bd4 Be7 45. Bb6 Bg2 46. Bxa5 Bf1 47. Nc7+ Kd7 48. Na8 Bc5+ 49. Kf3 Bd3 50. Bb6 Bd6 51. Ba5 Bc5 52. b4 Ba7 53. Bb6 Bb8 54. Bc5 Bc7 55. a4 Kc8 56. Ke3 Bf1 57. Nxc7 Kxc7 58. Kd4 h4 59. Ke5 hxg3 60. hxg3 Be2 61. Kf6 Bh5 62. Kg5 Kb7 1/2-1/2

[Event "San Cristobal de La Laguna op 4th"]
[Site "San Cristobal de La Laguna"]
[Date "2022.09.02"]
[Round "8"]
[White "Romero Calduch, Sergio"]
[Black "Strikovic, Aleksa"]
[Result "1-0"]
[WhiteElo "2233"]
[BlackElo "2484"]
[PlyCount "101"]
[EventDate "2022.08.27"]
[EventType "swiss"]
[EventRounds "9"]
[EventCountry "ESP"]
[SourceTitle "CBM 210 Extra"]
[Source "ChessBase"]
[SourceDate "2022.11.30"]
[SourceVersion "1"]
[SourceVersionDate "2022.11.30"]
[SourceQuality "1"]

1. d4 d6 2. e4 Nf6 3. Nc3 e5 4. Nf3 Nbd7 5. Bc4 Be7 6. 0-0 0-0 7. a4 exd4 8. Nxd4 Ne5 9. Be2 c5 10. Nf3 Nc6 11. h3 Be6 12. Ng5 Bd7 13. Bc4 h6 14. f4 hxg5 15. fxg5 Be6 16. gxf6 Bxf6 17. Nd5 Bd4+ 18. Kh1 g6 19. Ra3 Bg7 20. Rg3 Ne5 21. Bg5 f6 22. Nxf6+ Bxf6 23. Bxe6+ Kh7 24. Bf4 Bg7 25. Bxe5 dxe5 26. Bd5 Rf4 27. Rg4 Qf6 28. Rgxf4 exf4 29. c3 Rf8 30. Qg4 b6 31. h4 Qe5 32. Qg5 Qxg5 33. hxg5 Be5 34. Rf3 Kg7 35. Kg1 Bd6 36. Kf2 Be7 37. g3 Bxg5 38. gxf4 Bxf4 39. Ke2 g5 40. Kd3 Rh8 41. e5 Bxe5 42. Rf7+ Kg6 43. Rxa7 Rh2 44. Rb7 Rxb2 45. a5 c4+ 46. Bxc4 b5 47. Bxb5 Ra2 48. a6 Bg3 49. a7 Bf2 50. Be8+ Kh6 51. Rb2 1-0

[Event "Colonia de Sant Jordi op-A"]
[Site "Colonia de Sant Jordi"]
[Date "2022.06.11"]
[Round "8"]
[White "Romero Calduch, Sergio"]
[Black "Ramon Perez, Jose Luis"]
[Result "0-1"]
[WhiteElo "2219"]
[BlackElo "2168"]
[PlyCount "53"]
[EventDate "2022.06.04"]
[EventType "swiss"]
[EventRounds "9"]
[EventCountry "ESP"]
[SourceTitle "CBM 208 Extra"]
[Source "ChessBase"]
[SourceDate "2022.07.31"]
[SourceVersion "1"]
[SourceVersionDate "2022.07.31"]
[SourceQuality "1"]

1. d4 e6 2. c4 f5 3. e4 fxe4 4. Nc3 Nf6 5. Bg5 Bb4 6. f3 c5 7. a3 Bxc3+ 8. bxc3 0-0 9. Qd2 Nc6 10. d5 Na5 11. dxe6 d6 12. Rd1 Bxe6 13. Qxd6 Qe8 14. f4 b6 15. Nh3 e3 16. Bxf6 Rxf6 17. Ng5 Nxc4 18. Qd3 b5 19. Qxh7+ Kf8 20. Qh8+ Ke7 21. Qxg7+ Bf7 22. Bxc4 bxc4 23. Nh7 Rf5 24. g4 Qc6 25. Rf1 e2 26. Kxe2 Qe4+ 27. Kf2 0-1

[Event "Colonia de Sant Jordi op-A"]
[Site "Colonia de Sant Jordi"]
[Date "2022.06.09"]
[Round "6"]
[White "Rahal, Michael"]
[Black "Romero Calduch, Sergio"]
[Result "1-0"]
[WhiteElo "2335"]
[BlackElo "2219"]
[PlyCount "99"]
[EventDate "2022.06.04"]
[EventType "swiss"]
[EventRounds "9"]
[EventCountry "ESP"]
[SourceTitle "CBM 208 Extra"]
[Source "ChessBase"]
[SourceDate "2022.07.31"]
[SourceVersion "1"]
[SourceVersionDate "2022.07.31"]
[SourceQuality "1"]

1. e4 e5 2. Nf3 Nc6 3. Bb5 a6 4. Ba4 Nf6 5. 0-0 Be7 6. Re1 b5 7. Bb3 d6 8. c3 Na5 9. Bc2 c5 10. d4 cxd4 11. cxd4 Bg4 12. dxe5 Bxf3 13. Qxf3 dxe5 14. Nc3 Qc7 15. Qg3 0-0 16. Bh6 Ne8 17. Nd5 Qd6 18. Bd2 Nc6 19. Rad1 Nc7 20. Bc3 Rad8 21. Bb3 Kh8 22. Ne3 Nd4 23. Nf5 Nxf5 24. exf5 Qh6 25. Bxe5 Rxd1 26. Rxd1 Ne8 27. Qe3 Qxe3 28. fxe3 Nf6 29. h3 Bc5 30. Bd4 Bxd4 31. Rxd4 a5 32. a3 g6 33. Bc2 Re8 34. Kf2 Rc8 35. Bd3 gxf5 36. Bxf5 Rc5 37. Bd3 Kg7 38. Kf3 h5 39. g3 Re5 40. Kf4 Rc5 41. e4 Kf8 42. Rd8+ Kg7 43. Rb8 b4 44. axb4 axb4 45. Rxb4 Rc8 46. Rb7 Nh7 47. b3 Nf8 48. Bc4 Ng6+ 49. Kf5 Kh6 50. Rxf7 1-0

[Event "Colonia de Sant Jordi op-A"]
[Site "Colonia de Sant Jordi"]
[Date "2022.06.07"]
[Round "4"]
[White "Romero Calduch, Sergio"]
[Black "Marin Ferragut, Pau"]
[Result "1-0"]
[WhiteElo "2219"]
[BlackElo "2072"]
[PlyCount "79"]
[EventDate "2022.06.04"]
[EventType "swiss"]
[EventRounds "9"]
[EventCountry "ESP"]
[SourceTitle "CBM 208 Extra"]
[Source "ChessBase"]
[SourceDate "2022.07.31"]
[SourceVersion "1"]
[SourceVersionDate "2022.07.31"]
[SourceQuality "1"]

1. d4 Nf6 2. c4 g6 3. g3 Bg7 4. Bg2 0-0 5. Nf3 d6 6. Nc3 c5 7. d5 e6 8. 0-0 exd5 9. cxd5 Re8 10. Nd2 Na6 11. Nc4 Nc7 12. a4 b6 13. Re1 Ba6 14. Na3 Qd7 15. e4 h5 16. h3 Rad8 17. Bg5 b5 18. axb5 Bxb5 19. Qf3 Nh7 20. Bxd8 Rxd8 21. Naxb5 Nxb5 22. Nxb5 Qxb5 23. Rxa7 Rf8 24. Qe2 Qb4 25. Rea1 Rb8 26. Ra8 Nf8 27. Rxb8 Qxb8 28. Bf1 Qb4 29. Ra7 Bd4 30. Qf3 f6 31. b3 Qd2 32. Rb7 Nh7 33. h4 Be5 34. Bh3 Nf8 35. Be6+ Nxe6 36. dxe6 Kf8 37. Rf7+ Ke8 38. Rxf6 Bxf6 39. Qxf6 Qe1+ 40. Kh2 1-0

[Event "Krakow op-A 32nd"]
[Site "Krakow"]
[Date "2022.01.04"]
[Round "9"]
[White "Romero Calduch, Sergio"]
[Black "Kotyk, Michael"]
[Result "1/2-1/2"]
[WhiteElo "2199"]
[BlackElo "2140"]
[PlyCount "50"]
[EventDate "2021.12.27"]
[EventType "swiss"]
[EventRounds "9"]
[EventCountry "POL"]
[SourceTitle "EXT 2023"]
[Source "ChessBase"]
[SourceDate "2022.10.05"]
[SourceVersion "1"]
[SourceVersionDate "2022.10.05"]
[SourceQuality "1"]

1. Nf3 Nf6 2. d4 e6 3. c4 d5 4. Nc3 dxc4 5. e3 a6 6. a4 b6 7. Bxc4 Bb7 8. 0-0 Bb4 9. Qe2 0-0 10. Rd1 Qe7 11. Bd3 Nbd7 12. Ne5 Nxe5 13. dxe5 Nd7 14. Qc2 g6 15. Be4 Bxe4 16. Nxe4 Nxe5 17. b3 f5 18. Bb2 Ng4 19. Qc6 Rad8 20. h3 fxe4 21. hxg4 Qf7 22. Rxd8 Qxf2+ 23. Kh1 Qh4+ 24. Kg1 Qf2+ 25. Kh1 Qh4+ 1/2-1/2

[Event "Krakow op-A 32nd"]
[Site "Krakow"]
[Date "2022.01.02"]
[Round "6"]
[White "Romero Calduch, Sergio"]
[Black "Chyzy, Jakub"]
[Result "1/2-1/2"]
[WhiteElo "2199"]
[BlackElo "2260"]
[PlyCount "116"]
[EventDate "2021.12.27"]
[EventType "swiss"]
[EventRounds "9"]
[EventCountry "POL"]
[SourceTitle "EXT 2023"]
[Source "ChessBase"]
[SourceDate "2022.10.05"]
[SourceVersion "1"]
[SourceVersionDate "2022.10.05"]
[SourceQuality "1"]

1. d4 Nf6 2. Nf3 e6 3. c4 Bb4+ 4. Bd2 Qe7 5. Nc3 b6 6. g3 Bb7 7. Bg2 0-0 8. 0-0 c5 9. a3 Bxc3 10. Bxc3 Ne4 11. Qc2 d6 12. Rfd1 f5 13. Nd2 Nxc3 14. Qxc3 Bxg2 15. Kxg2 Nd7 16. dxc5 bxc5 17. b4 Rac8 18. bxc5 Nxc5 19. Rab1 Rc7 20. Qd4 Rfc8 21. f3 Na4 22. Nf1 d5 23. cxd5 exd5 24. Rd2 Nc3 25. Rb3 Rc4 26. Qe3 Qd7 27. Qe5 f4 28. gxf4 Re8 29. Rb8 Rcc8 30. Rxc8 Qxc8 31. Qd4 Nxe2 32. Qxd5+ Kh8 33. Qd6 Qc4 34. Ng3 Nxf4+ 35. Kf2 h6 36. Qd4 Qc7 37. Qd6 Qc4 38. Qd4 Qf7 39. Qd7 Qg6 40. Qd6 Qg5 41. Rd4 Ng6 42. f4 Qf6 43. Qxf6 gxf6 44. Nh5 Rb8 45. Ra4 Rb5 46. Nxf6 Rf5 47. Ng4 h5 48. Ne3 Rxf4+ 49. Rxf4 Nxf4 50. Kf3 Ne6 51. Ke4 Kg7 52. Ke5 Ng5 53. Kf5 Nf3 54. h3 Ng1 55. h4 Nf3 56. Kf4 Nxh4 57. Kg5 Nf3+ 58. Kxh5 Kf6 1/2-1/2

[Event "Krakow op-A 32nd"]
[Site "Krakow"]
[Date "2021.12.31"]
[Round "5"]
[White "Karsay, Pascal"]
[Black "Romero Calduch, Sergio"]
[Result "1-0"]
[WhiteElo "2322"]
[BlackElo "2199"]
[PlyCount "79"]
[EventDate "2021.12.27"]
[EventType "swiss"]
[EventRounds "9"]
[EventCountry "POL"]
[SourceTitle "EXT 2023"]
[Source "ChessBase"]
[SourceDate "2022.10.05"]
[SourceVersion "1"]
[SourceVersionDate "2022.10.05"]
[SourceQuality "1"]

1. Nf3 d5 2. e3 Nf6 3. c4 e6 4. Nc3 c6 5. b3 Bd6 6. Bb2 0-0 7. Be2 Nbd7 8. Qc2 Qe7 9. Rg1 Ba3 10. Bxa3 Qxa3 11. g4 Nc5 12. d4 Na6 13. g5 Nb4 14. Qc1 Qxc1+ 15. Rxc1 Ne4 16. a3 Nxc3 17. Rxc3 Na6 18. cxd5 Nb8 19. dxc6 Nxc6 20. Bb5 Bd7 21. Bxc6 Bxc6 22. Ne5 Bd5 23. Ke2 Rac8 24. Rgc1 Rxc3 25. Rxc3 f6 26. gxf6 gxf6 27. Nd3 Bc6 28. Rc5 Bd5 29. b4 Rf7 30. Nf4 Bb3 31. Rc8+ Rf8 32. Rxf8+ Kxf8 33. e4 Ke7 34. Ke3 b6 35. e5 Kf7 36. Ne2 Kg6 37. Kf4 Ba2 38. Nc3 Bc4 39. Ne4 f5 40. Nd6 1-0

[Event "San Cristobal de La Laguna op 3rd"]
[Site "San Cristobal de La Laguna"]
[Date "2021.09.03"]
[Round "8"]
[White "Romero Calduch, Sergio"]
[Black "Milliet, Sophie"]
[Result "1/2-1/2"]
[WhiteElo "2183"]
[BlackElo "2407"]
[PlyCount "97"]
[EventDate "2021.08.28"]
[EventType "swiss"]
[EventRounds "9"]
[EventCountry "ESP"]
[SourceTitle "CBM 204 Extra"]
[Source "ChessBase"]
[SourceDate "2021.11.30"]
[SourceVersion "1"]
[SourceVersionDate "2021.11.30"]
[SourceQuality "1"]

1. d4 Nf6 2. c4 e6 3. Nf3 c5 4. d5 d6 5. Nc3 exd5 6. cxd5 g6 7. Bf4 Bg7 8. e3 0-0 9. h3 Na6 10. Be2 Nc7 11. a4 Re8 12. 0-0 Ne4 13. Qb3 Bf5 14. Rad1 Rb8 15. Nd2 Nxd2 16. Rxd2 a6 17. Qb6 Bf8 18. g4 g5 19. Bg3 Bg6 20. b4 c4 21. Bxc4 Qc8 22. Rd4 Na8 23. Qa7 b5 24. Bxb5 axb5 25. Nxb5 Rb6 26. Rdd1 Re7 27. Qa5 Reb7 28. Rc1 Qb8 29. Rc6 Bd3 30. Rfc1 Bxb5 31. Rc8 Qa7 32. Rxa8 Qxa5 33. bxa5 Ra6 34. Rcc8 Rxa8 35. Rxa8 Bc4 36. Bxd6 Rb1+ 37. Kh2 Rh1+ 38. Kg3 Rg1+ 39. Kh2 Rh1+ 40. Kg3 Rg1+ 41. Kh2 Rh1+ 42. Kg3 Rg1+ 43. Kh2 Rg2+ 44. Kh1 Bxd5 45. Rxf8+ Kg7 46. Re8 Rxg4+ 47. Kh2 Rg2+ 48. Kh1 Bf3 49. a6 1/2-1/2

[Event "San Cristobal de La Laguna op 3rd"]
[Site "San Cristobal de La Laguna"]
[Date "2021.08.31"]
[Round "5"]
[White "Camacho Collados, Marcos"]
[Black "Romero Calduch, Sergio"]
[Result "1-0"]
[WhiteElo "2409"]
[BlackElo "2183"]
[PlyCount "87"]
[EventDate "2021.08.28"]
[EventType "swiss"]
[EventRounds "9"]
[EventCountry "ESP"]
[SourceTitle "CBM 204 Extra"]
[Source "ChessBase"]
[SourceDate "2021.11.30"]
[SourceVersion "1"]
[SourceVersionDate "2021.11.30"]
[SourceQuality "1"]

1. e4 c6 2. Nf3 d5 3. Nc3 dxe4 4. Nxe4 Nf6 5. Qe2 Nxe4 6. Qxe4 Qd5 7. Qh4 Qe6+ 8. Be2 Nd7 9. d3 Nf6 10. h3 h6 11. c4 Rg8 12. Qg3 g5 13. Ne5 Bg7 14. f4 Bh8 15. Qf2 gxf4 16. Bxf4 Ne4 17. dxe4 Bxe5 18. 0-0 Bxf4 19. Qxf4 Qg6 20. Qf3 Be6 21. Rad1 Rd8 22. Rxd8+ Kxd8 23. Rf2 Kc8 24. Qa3 Qxe4 25. Qxa7 Kc7 26. Qa3 Bd7 27. Bf1 f6 28. Rd2 Bc8 29. Re2 Qd4+ 30. Kh1 e6 31. Qa5+ Kb8 32. Qd2 Qxc4 33. Qd6+ Ka7 34. Rf2 Qd5 35. Qa3+ Kb8 36. Rxf6 h5 37. Qe3 e5 38. b3 h4 39. Rf3 Ka8 40. Bc4 Qd1+ 41. Rf1 Rg3 42. Rxd1 Rxe3 43. Rd8 b5 44. Be6 1-0

[Event "Merida World Heritage op 1st"]
[Site "Merida"]
[Date "2021.08.04"]
[Round "1"]
[White "Ribeiro, Gustavo"]
[Black "Romero Calduch, Sergio"]
[Result "1/2-1/2"]
[WhiteElo "1639"]
[BlackElo "2200"]
[PlyCount "163"]
[EventDate "2021.08.04"]
[EventType "swiss"]
[EventRounds "9"]
[EventCountry "ESP"]
[SourceTitle "EXT 2023"]
[Source "ChessBase"]
[SourceDate "2022.10.05"]
[SourceVersion "1"]
[SourceVersionDate "2022.10.05"]
[SourceQuality "1"]

1. e4 c6 2. Nf3 d5 3. exd5 cxd5 4. d4 Nc6 5. Bb5 Qb6 6. Nc3 Nf6 7. Bg5 e6 8. Qe2 Be7 9. 0-0-0 a6 10. Bxf6 gxf6 11. Ba4 Qc7 12. Rhe1 b5 13. Bb3 Qd6 14. Rd3 Bb7 15. Re3 Na5 16. Nh4 Nxb3+ 17. axb3 Bf8 18. Qh5 0-0-0 19. Qxf7 Bh6 20. Qxf6 Bxe3+ 21. Rxe3 Rhf8 22. Qxe6+ Qxe6 23. Rxe6 Rxf2 24. Nd1 Rf4 25. Nf3 Re4 26. Rh6 Re2 27. Rxh7 Rxg2 28. Ne3 Rf2 29. Rf7 Rg8 30. Nf5 Kb8 31. Ng3 Bc8 32. Ne5 Rxf7 33. Nxf7 Rg7 34. Ne5 Rh7 35. Nf1 Bh3 36. Ne3 Be6 37. Ng6 Rh3 38. Nf1 Rf3 39. Ng3 Rf2 40. h4 Rg2 41. Nf4 Rxg3 42. Nxe6 Rg1+ 43. Kd2 Rh1 44. Kc3 Rxh4 45. Kb4 Re4 46. Nc5 Rxd4+ 47. Kc3 Rh4 48. Nxa6+ Kb7 49. Nb4 d4+ 50. Kd3 Kb6 51. c3 Kc5 52. Na6+ Kd5 53. Nc7+ Kc6 54. Ne6 dxc3 55. bxc3 Kd5 56. Nc7+ Kc6 57. Ne6 b4 58. cxb4 Kb5 59. Kc3 Rh3+ 60. Kb2 Kxb4 61. Nd4 Rg3 62. Nc2+ Kc5 63. Ka3 Rg2 64. Kb2 Rh2 65. Kc3 Kd5 66. Nb4+ Ke4 67. Nc2 Rh8 68. b4 Rc8+ 69. Kb3 Kd3 70. Na3 Kd4 71. Nc2+ Kd5 72. Ne3+ Kc6 73. Nc2 Rd8 74. Kc4 Kb6 75. Kb3 Rh8 76. Kc4 Rh3 77. Nd4 Rh4 78. Kd5 Rh1 79. Kc4 Rc1+ 80. Kd3 Rc7 81. Ne2 Rc8 82. Nc3 1/2-1/2

[Event "Almansa op-A 14th"]
[Site "Almansa"]
[Date "2019.08.07"]
[Round "2"]
[White "Romero Calduch, Sergio"]
[Black "Villar Reymundo, Juan Antonio"]
[Result "0-1"]
[WhiteElo "2149"]
[BlackElo "2244"]
[PlyCount "66"]
[EventDate "2019.08.07"]
[EventType "swiss"]
[EventRounds "7"]
[EventCountry "ESP"]
[SourceTitle "EXT 2022"]
[Source "ChessBase"]
[SourceDate "2021.10.06"]
[SourceVersion "1"]
[SourceVersionDate "2021.10.06"]
[SourceQuality "1"]

1. d4 Nf6 2. c4 e6 3. Nf3 b6 4. a3 Ba6 5. Qa4 c5 6. Nc3 Bb7 7. Bf4 a6 8. Rd1 Be7 9. d5 exd5 10. cxd5 b5 11. Qc2 d6 12. e4 Nh5 13. Be3 0-0 14. a4 b4 15. Nb1 Re8 16. Bd3 g6 17. 0-0 Nd7 18. Nbd2 Qc7 19. Nc4 a5 20. Nfd2 Bf8 21. f4 Bg7 22. g4 Nhf6 23. Be2 Ba6 24. Bf3 b3 25. Qxb3 Rab8 26. Qc2 Nb6 27. b3 Nfxd5 28. Bf2 Nxf4 29. Bg3 Nxc4 30. Bxf4 Bd4+ 31. Kh1 Nb2 32. Rde1 Nd3 33. Rd1 Nxf4 0-1

[Event "La Roda op 46th"]
[Site "La Roda"]
[Date "2019.04.18"]
[Round "3"]
[White "Romero Calduch, Sergio"]
[Black "Ladron de Guevara Pinto, Paolo"]
[Result "0-1"]
[WhiteElo "2184"]
[BlackElo "2429"]
[PlyCount "82"]
[EventDate "2019.04.17"]
[EventType "swiss"]
[EventRounds "9"]
[EventCountry "ESP"]
[SourceTitle "CBM 189 Extra"]
[Source "ChessBase"]
[SourceDate "2019.05.31"]
[SourceVersion "1"]
[SourceVersionDate "2019.05.31"]
[SourceQuality "1"]

1. d4 g6 2. c4 Bg7 3. Nf3 Nf6 4. g3 b6 5. Bg2 Bb7 6. Nc3 Ne4 7. Qc2 Nxc3 8. Qxc3 c5 9. Be3 Nc6 10. 0-0 0-0 11. Qd2 cxd4 12. Nxd4 Qc8 13. Rac1 Ne5 14. Bxb7 Qxb7 15. f3 Rfd8 16. Qb4 d6 17. Rfd1 Rac8 18. b3 Nd7 19. Qd2 a6 20. Kg2 Rc7 21. Nc2 Ne5 22. Nb4 e6 23. Bd4 Rcd7 24. Qc3 Bh6 25. Rc2 a5 26. Nd3 Nc6 27. Bf6 Rc8 28. Nf2 Nb4 29. Rcd2 Nd5 30. Rxd5 exd5 31. Rd4 Bf8 32. Rh4 Re8 33. Qd4 Re6 34. Ng4 dxc4 35. Qf4 cxb3 36. Qg5 Rxe2+ 37. Kh3 Qxf3 38. Rxh7 Qf1+ 39. Kh4 Kxh7 40. Bc3 Be7 41. Bf6 Rxh2+ 0-1